000 00674nam a2200241 i 4500
001 C2-0128901
003 PPAK
005 20180727120952.0
008 970927s1985 wiua|||| ||||| | eng d
020 _a0817214070
040 _aPPAK
_beng
_cPPAK
_erda
082 0 4 _a510.2
_223
090 0 0 _a510.2
_bHAN
_dK
100 1 _aHaney, Jan P.,
_eauthor
245 1 2 _aA look inside calculators
264 1 _aMilkauwee, Winconsin :
_bRaintree ,
_c1985
300 _a47 pages :
_bcolour illustrations ;
_c23 cm
336 _2rdacontent
_atext
337 _2rdamedia
_aunmediated
338 _2rdacarrier
_avolume
650 1 0 _aCalculating-machine - Literature
942 _ddc
_cB
999 _c39067
_d39067